000
00297nam a22001097a 4500
008
160419b xxu||||| |||| 00| 0 eng d
020
_a
9780803640757
041
_a
eng
080
_a
618.2
245
_a
Fundamentals of Nursing:
_c
Judith M.Wilkinson ; Leslie S. Treas:Karen L.Baren ;
942
_2
udc
_c
BK
999
_c
1442
_d
1442